Bibel - Josua 1:8-9 HFA - Wortsuche - Statistiken

Allgemein
  • Dieses Quiz wurde 17 mal gespielt
  • Das Durchschnittsergebnis liegt bei 29 aus 62
Antwortstatistiken
Worte % Korrekt
Gott,
100%
ich
93%
ich,
93%
du
86%
du
86%
du
86%
dein
79%
dein
79%
der
79%
dir
79%
dir
79%
dir
79%
dir
79%
bei,
71%
HERR,
71%
und
71%
und
71%
und
71%
mutig
64%
Sei
64%
stehe
64%
Denn
57%
nicht
57%
auch
50%
die
50%
Gebote
50%
gehst.
50%
hab
50%
wohin
50%
Angst!
43%
dich
43%
keine
43%
Sag
43%
sie
43%
alles
36%
Lass
36%
Ja,
29%
Leben
29%
sage
29%
über
29%
auf!
21%
Denke
21%
einmal:
21%
einschüchtern
21%
es
21%
ganz
21%
gelingen,
21%
nach,
21%
nach
21%
noch
21%
vornimmst.
21%
was
21%
wird
21%
ausrichtest.
14%
damit
14%
Dann
14%
entschlossen!
14%
ihnen
14%
immer
14%
Nacht
14%
Tag
14%
wieder
14%
Keine übereinstimmenden Quizze gefunden
Verteilung der Resultate
Anzahl Personen mit jedem Resultat
Perzentil nach korrekt beantworteten Fragen
Ihre Resultats-Entwicklung
Sie haben dieses Quiz noch nicht gespielt